|
|
|
|
| LEADER |
01693nam a22003374a 4500 |
| 001 |
42990 |
| 003 |
BD-DhAAL |
| 005 |
20240903112512.0 |
| 008 |
240903t2004 njua b 001 0 eng d |
| 010 |
|
|
|a 2003014146
|
| 020 |
|
|
|a 0471429724
|
| 040 |
|
|
|a DLC
|c DLC
|d DLC
|d BD-DhAAL
|
| 042 |
|
|
|a pcc
|
| 043 |
|
|
|a n-us-ca
|
| 050 |
0 |
0 |
|a TP557
|b .H49 2004
|
| 082 |
0 |
0 |
|a 641.220979419
|2 21
|
| 100 |
1 |
|
|a Heyhoe, Kate.
|9 56712
|
| 245 |
1 |
0 |
|a Harvesting the dream :
|b the rags-to-riches tale of the Sutter Home Winery /
|c Kate Heyhoe and Stanley Hock.
|
| 264 |
|
|
|a Hoboken, N.J. :
|b J. Wiley,
|c c2004.
|
| 300 |
|
|
|a xix, 235 pages :
|b illustrations ;
|c 24 cm.
|
| 504 |
|
|
|a Includes bibliographical references (pages 227) and index.
|
| 541 |
|
|
|a Donation from the Asia Foundation/Savar Campus Library
|e 42990, 42991
|
| 610 |
2 |
0 |
|a Sutter Home Winery
|x History.
|9 56713
|
| 650 |
|
0 |
|a Wine and wine making
|z California
|z Napa Valley
|x History.
|9 56714
|
| 650 |
|
0 |
|a Wineries
|z California
|z Napa Valley
|x History.
|9 56715
|
| 700 |
1 |
|
|a Hock, Stanley,
|d 1950-
|9 56716
|
| 852 |
|
|
|a Ayesha Abed Library
|
| 942 |
|
|
|2 ddc
|c BK
|
| 999 |
|
|
|c 46928
|d 46928
|
| 952 |
|
|
|0 0
|1 0
|2 ddc
|4 0
|6 641_220979419000000_HEY
|7 0
|9 76097
|a SCL
|b SCL
|c GEN
|d 2024-09-03
|e Donation from the Asia Foundation/Savar Campus Library
|g 2982.00
|l 0
|o 641.220979419 HEY
|p 3020042990
|r 2024-09-03
|t 1
|w 0000-00-00
|y BK
|x Donation from the Asia Foundation/Savar Campus Library ; USD 24.95
|
| 952 |
|
|
|0 0
|1 0
|2 ddc
|4 0
|6 641_220979419000000_HEY
|7 0
|9 76098
|a SCL
|b SCL
|c GEN
|d 2024-09-03
|e Donation from the Asia Foundation/Savar Campus Library
|g 2982.00
|l 0
|o 641.220979419 HEY
|p 3020042991
|r 2024-09-03
|t 2
|w 2024-09-03
|y BK
|x Donation from the Asia Foundation/Savar Campus Library ; USD 24.95
|